000 00624nam a2200205 a 4500
001 000005220
005 20250219074027.0
008 090818s2007 dr r 000 p spa d
020 _a9789945068214
040 _aDO-SdBNP
_bspa
_cBNPHU
082 _aRD861.44
_bP438b
100 1 _aPérez, Isael,
_d1961-
_91414
245 1 0 _aBurócratas del polvo y a ras de tierra /
_cIsael Pérez.
260 _aSanto Domingo :
_bBúho,
_c2007.
300 _a98 p. ;
_c21 cm.
590 _aInventariado, 2018 / DG
650 0 _aPoesía dominicana
_966
650 0 _aLiteratura dominicana.
_967
910 _aValidado. Control de calidad. MFF
999 _c5021
_d5021